<?xml version="1.0" encoding="UTF-8"?>
<collection xmlns="http://www.loc.gov/MARC21/slim">
    <record>
        <controlfield tag="001">70007</controlfield>
        <controlfield tag="005">20180420135628.0</controlfield>
        <datafield tag="024" ind1="7" ind2=" ">
            <subfield code="2">doi</subfield>
            <subfield code="a">10.4995/wpom.v8i0.7199</subfield>
        </datafield>
        <datafield tag="024" ind1="8" ind2=" ">
            <subfield code="2">sideral</subfield>
            <subfield code="a">105167</subfield>
        </datafield>
        <datafield tag="037" ind1=" " ind2=" ">
            <subfield code="a">ART-2017-105167</subfield>
        </datafield>
        <datafield tag="041" ind1=" " ind2=" ">
            <subfield code="a">spa</subfield>
        </datafield>
        <datafield tag="100" ind1=" " ind2=" ">
            <subfield code="0">(orcid)0000-0002-0627-0795</subfield>
            <subfield code="a">Martinez Jurado, P.J.</subfield>
        </datafield>
        <datafield tag="245" ind1=" " ind2=" ">
            <subfield code="a">Aprendiendo a Enseñar Lean Management mediante Juegos: Revisión Sistemática de la Literatura</subfield>
        </datafield>
        <datafield tag="260" ind1=" " ind2=" ">
            <subfield code="c">2017</subfield>
        </datafield>
        <datafield tag="506" ind1="0" ind2=" ">
            <subfield code="a">Access copy available to the general public</subfield>
            <subfield code="f">Unrestricted</subfield>
        </datafield>
        <datafield tag="520" ind1="3" ind2=" ">
            <subfield code="a">La motivación del presente trabajo tiene su origen en la búsqueda , por parte de los autores, de diferentes métodos de aprendizaje de Lean Management (LM) activos o basados en problemas ( Problem Based Learning, PBL), complementarios a los tradicionales ( p. ej., clases teóricas magistrales, estudios de casos). En concreto, se evalúan métodos de aprendizaje basados en juegos, con el fin de adoptarlos en el aula (clases de grado y/o máster) y proporcionar al estudiante una experiencia de resolución de problemas sobre dife- rentes prácticas, herramientas y técnicas de LM. Para ello, se ha analizado el estado actual de la investigación mediante el método de Revisión Sistemática de la Literatura ( Systematic Literature Review , SLR) . La Figura 1 muestra el alcance del análisis del presente estudio, en concreto las áreas sombreadas y rayadas donde intersectan los círculos.    

The mail goal of this work is to analyze and synthesize the research on teaching methods of Lean Management through games. For this, a systematic literature review has been carried out. The main results show: a) a classification of the literature and the main topics considered, b) a bibliometric analysis, and c) a discussion of the empirical evidence. Finally, we propose new opportunities and challenges that should be addressed by future research.</subfield>
        </datafield>
        <datafield tag="540" ind1=" " ind2=" ">
            <subfield code="9">info:eu-repo/semantics/openAccess</subfield>
            <subfield code="a">by</subfield>
            <subfield code="u">http://creativecommons.org/licenses/by/3.0/es/</subfield>
        </datafield>
        <datafield tag="655" ind1=" " ind2="4">
            <subfield code="a">info:eu-repo/semantics/article</subfield>
            <subfield code="v">info:eu-repo/semantics/publishedVersion</subfield>
        </datafield>
        <datafield tag="700" ind1=" " ind2=" ">
            <subfield code="a">Moyano Fuentes, J.</subfield>
        </datafield>
        <datafield tag="773" ind1=" " ind2=" ">
            <subfield code="g">8 (2017), 164-170</subfield>
            <subfield code="t">WPOM-WORKING PAPERS ON OPERATIONS MANAGEMENT</subfield>
            <subfield code="x">1989-9068</subfield>
        </datafield>
        <datafield tag="856" ind1="4" ind2=" ">
            <subfield code="s">334195</subfield>
            <subfield code="u">http://zaguan.unizar.es/record/70007/files/texto_completo.pdf</subfield>
            <subfield code="y">Versión publicada</subfield>
        </datafield>
        <datafield tag="856" ind1="4" ind2=" ">
            <subfield code="s">66281</subfield>
            <subfield code="u">http://zaguan.unizar.es/record/70007/files/texto_completo.jpg?subformat=icon</subfield>
            <subfield code="x">icon</subfield>
            <subfield code="y">Versión publicada</subfield>
        </datafield>
        <datafield tag="909" ind1="C" ind2="O">
            <subfield code="o">oai:zaguan.unizar.es:70007</subfield>
            <subfield code="p">articulos</subfield>
            <subfield code="p">driver</subfield>
        </datafield>
        <datafield tag="951" ind1=" " ind2=" ">
            <subfield code="a">2018-04-20-12:20:52</subfield>
        </datafield>
        <datafield tag="980" ind1=" " ind2=" ">
            <subfield code="a">ARTICLE</subfield>
        </datafield>
    </record>

    
</collection>